| 000 | 00628nam a2200217Ia 4500 | ||
|---|---|---|---|
| 005 | 20230613121143.0 | ||
| 008 | 131103s9999 xx 000 0 und d | ||
| 020 |
_a8170350832 _cRs.190 |
||
| 040 | _aLoreto College | ||
| 041 | _aEnglish | ||
| 082 |
_a301 _bCHA |
||
| 100 | _aChakraborty,Roma | ||
| 245 |
_aPolitical socialization of students in metropolitan Calcutta _cRoma Chakraborty |
||
| 260 |
_aDelhi _bDaya Publishing House _c1990 |
||
| 300 |
_avi,161 p. _b illus.,tables |
||
| 504 | _aIncludes bibliographical references and index | ||
| 650 | _aSociology | ||
| 651 | _aSocialogy | ||
| 850 | _aLCLIB | ||
| 942 | _cBK | ||
| 999 |
_c11212 _d61691 |
||